000 00461pab a2200169 454500
008 180718b2017 xxu||||| |||| 00| 0 eng d
100 _aViljoen, Erna et al
245 _aPolice officer disability sensitivity training: a systematic review
260 _c2017
300 _ap.143-159.
362 _aJun
650 _aDisabilities
650 _aTraining
650 _aPolice
773 _aPolice Journal: Theory, Practice and Principles
909 _a115433
999 _c115427
_d115427